La giustizia nella Grecia antica.

Збережено в:
Бібліографічні деталі
Автор: Bearzot, Cinzia (Автор)
Формат: Книга
Мова:Італійська мова
Опубліковано: Roma, Italia: Carocci, 2008.
Редагування:1a. edizione.
Предмети:
Теги: Додати тег
Немає тегів, Будьте першим, хто поставить тег для цього запису!

MARC

LEADER 00000cam a2200000 a 4500
001 UCG9385
003 CL-VaPUC
005 20220822114403.0
008 120309e20080000IT |||||||||||||||||ita|d
999 |c 346942  |d 346940 
020 |a 978884304755 
040 |c Pontificia Universidad Católica de Valparaíso 
082 0 4 |a 340.54 BEA 2008  |2 21 
100 0 |a Bearzot, Cinzia  |e author  |9 560927 
245 1 3 |a La giustizia nella Grecia antica.  
250 |a 1a. edizione. 
260 |a Roma, Italia:   |b Carocci,   |c 2008.  
300 |a 147 páginas.  
500 |a c.2 Donación Familia Prof. Alejandro Guzmán Brito. 
583 |a last modification  |c 20180403 03:35:58  |k Rodrigo Vera 
650 0 |a Derecho romano  |9 255930 
650 0 |a Ciudades  |9 265474 
650 0 |a Historia del derecho  |9 255109 
651 0 |a Grecia  |9 265314 
942 |c BK  |2 ddc  |n 0 
945 |d 20120309 00:00:00  |a dcastane 
952 |0 0  |1 0  |4 0  |6 340_540000000000000_BEA_2008  |7 0  |8 DER_ROM  |9 447899  |a BIBDER  |b BIBDER  |d 2019-11-22  |i 4844335  |l 1  |o 340.54 BEA 2008  |p 4844335  |r 2023-01-25  |s 2020-03-17  |w 2019-11-22  |x Ubicación 4to piso  |y BK  |z Este recurso debe solicitarse con anticipación  |k DER 
952 |0 0  |1 0  |2 ddc  |4 0  |6 340_540000000000000_BEA_2008  |7 1  |8 C_AGB  |9 581226  |a BIBDER  |b BIBDER  |d 2022-02-08  |e Donación   |i 5645735  |o 340.54 BEA 2008  |p 5645735  |r 2023-01-25  |t 2  |w 2022-02-08  |y BK_US  |k AGB